000 01557nam a22004217a 4500
001 0007225
003 KOHA_MİRAKIL
005 20260207001549.0
007 ta
008 090904b2008 tu |||grt|||#0|||0|tur |
020 _a9789750605697
_c0,01
040 _aTR-BiSEU
_btur
_cTR-BiSEU
_erda
041 0 _atur
044 _ctu
050 _aHQ1403
_b.T87 2008
111 2 _aTürkiye'de Bilim ve Kadın (2007 : Eskişehir)
_917886
245 1 _aTürkiye'de Bilim ve Kadın :
_b"Türkiye'de Bilim ve Kadın" çalıştayı bildirileri.
264 1 _aEskişehir :
_bAnadolu Üniversitesi İktisadi ve İdari Bilimler Fakültesi
_c2008
300 _a130 sayfa: resimli; 21 cm.
336 _ametin
_btxt
_2rdacontent
337 _aaracısız
_bn
_2rdamedia
338 _acilt
_bnc
_2rdacarrier
490 1 _aAnadolu Üniversitesi yayınları ;
_v1874.
490 1 _aİktisadi ve İdari Bilimler Fakültesi yayınları ;
_vno.
490 1 _a207.
500 _aKaynakça var.
650 0 _aKadınlar--Türkiye--Kongreler.
_917887
650 0 _aKadınlar--Bilimde Türkiye--Kongreler.
_917888
650 0 _aKadınlar--Sosyal durum--Türkiye--Kongreler.
_917889
650 0 _aWomen--Turkey--Congresses.
_917890
650 0 _aWomen--Science-- Turkey--Congresses.
_917891
650 0 _aWomen--Social conditions--Turkey--Congresses.
_917892
830 1 _aAnadolu Üniversitesi yayınları ;
_v1874.
_97107
830 1 _aİktisadi ve İdari Bilimler Fakültesi yayınları ;
_vno.
_910641
830 1 _a207.
_98367
907 _aBildiri
942 _2lcc
_cBK
999 _c7205
_d7205